000 00675cam a2200229 a 4500
001 000009388
005 20200929161557.0
008 931116s1993 sp 000 j spa d
020 _a8420480894
040 _aDO-SdBNP
_bspa
_dBNPHU
082 _aPa863.44
_bR628b, 1993
100 1 _aRoa Bastos, Augusto,
_d1917-2005
_915047
245 1 3 _aEl baldío /
_cAugusto Roa Bastos.
250 _a3a ed.
260 _aMadrid :
_bAlfaguara,
_c1993.
300 _a237 p. ;
_c18 cm.
490 1 _aAlfaguara/bolsillo
650 4 _aCuentos paraguayos
_924160
650 4 _aLiteratura paraguaya
_915641
830 0 _aAlfaguara/bolsillo
_94125
910 _aValidado. Control de calidad MFF
999 _c9148
_d9148